000 00891nas a2200313 4500
001 BR0101567
003 BR-BrBNA
005 20231205102148.0
007 ta
008 230509b bl.|||p| |||| 00| 00por d
040 _aBR-BrBNA
_bpor
_cBiblioteca Nacional de Agricultura
041 _a(Pt)
072 _aL70
100 1 _aDrummond, S.S.
100 1 _aSilva, F.O.C. e
100 1 _aSeverino, R.S.
100 1 _aMartins, A.K.
100 1 _aCardoso, J.R.
100 1 _aOkuda, H.T.
100 1 _aGonsalves, E.M.
245 1 _aIrrigacao da porcao toracica do timo em fetos e recem-nascidos de suinos da raca Moura
650 _aSUÍNO
650 _aFeto
650 _aVeterinaria
650 _aSao Paulo
773 0 _tVeterinaria Noticias (Brazil)
_xISSN 0104-3463
_g(2000), v. 6(2) p. 13-17
_wBR0101567
909 _a202311
_bLúcia
_c55
_dLúcia Elande
942 _2AGRIS
_n0
_cANA
999 _c166065
_d166065